00742pam a2200229 a 4500001000500000005001700005020001800022040002300040050002100063082001100084100002400095245007700119260003700196300004900233505000800282520009900290521002000389521002000409650002700429650002200456700003400478438220241105095605.0 a9780395547762 aDLCcDLCdDLCbeng00aPZ7.B91527b198900a306.851 aBunting, Eved1928-14aThe Wednesday surprise /cby Eve Bunting ; illustrated by Donald Carrick aNew York :bClarion Books,c1989 a32 pages : bcolor illustrations ;c22 cm .  aM  aOn Wednesday nights when Grandma stays with Anna everyone thinks she is teaching Anna to read. a540 bLexile  aM bRaz-Plus  1aGrandmothersxFiction. 1aReadingxFiction.1 aCarrick, Donaldeillustrator